000 00358nam a2200145Ia 4500
005 20260328101446.0
008 260328s9999||||xx |||||||||||||| ||und||
100 _aArciniegas, Germán
245 0 _aSecretos de El Dorado - Colombia /
_cGermán Arciniegas
250 _a1a ed.
260 _bOP Gráficas
300 _a239 p.
650 _aARTE
942 _cBK
999 _c8481
_d8481